Highest Ever Goalscorers in the Champions League - Extreme - Statistics

General Stats
  • This quiz has been taken 206 times
  • The average score is 80 of 124
Answer Stats
# Goals Years Main Team Nationality Answer % Correct
1 140 2003-2022 Real Madrid Portugal Cristiano Ronaldo
100%
2 129 2004-2023 Barcelona Argentina Lionel Messi
100%
4 90 2005-2023 Real Madrid France Karim Benzema
99%
3 94 2011- Bayern Munich Poland Robert Lewandowski
99%
8 50 1997-2012 Arsenal France Thierry Henry
99%
24 34 1969-1977 Bayern Munich Germany Gerd Müller
98%
10 48 2016- Paris Saint-Germain France Kylian Mbappé
98%
15 44 2013- Liverpool Egypt Mohamed Salah
98%
17 43 2013-2023 Paris Saint-Germain Brazil Neymar
98%
7 54 2008- Bayern Munich Germany Thomas Müller
98%
12 48 2002-2022 Paris Saint-Germain Sweden Zlatan Ibrahimović
98%
19 41 2019- Manchester City Norway Erling Haaland
97%
40 27 2010-2022 Barcelona Uruguay Luis Suárez
96%
22 36 2013- Atlético Madrid France Antoine Griezmann
95%
26 31 2002-2019 Bayern Munich Netherlands Arjen Robben
95%
16 44 2003-2015 Chelsea Cote d'Ivoire Didier Drogba
95%
5 71 1995-2011 Real Madrid Spain Raúl
95%
28 30 2004-2016 Manchester United England Wayne Rooney
95%
39 27 2017-2023 Liverpool Senegal Sadio Mané
94%
11 48 1994-2010 AC Milan Ukraine Andriy Shevchenko
93%
23 35 2011-2022 Paris Saint-Germain Uruguay Édinson Cavani
93%
21 36 1956-1966 Real Madrid Hungary Ferenc Puskás
93%
31 29 2016- Tottenham Hotspur England Harry Kane
93%
6 56 1998-2010 Manchester United Netherlands Ruud van Nistelrooy
93%
27 30 1999-2014 Barcelona Cameroon Samuel Eto'o
93%
20 41 2008-2022 Manchester City Argentina Sergio Agüero
93%
18 42 1995-2010 Juventus Italy Alessandro Del Piero
92%
9 49 1955-1964 Real Madrid Argentina Alfredo Di Stéfano
92%
45 25 2002-2014 Arsenal Netherlands Robin van Persie
90%
35 29 2009-2023 AS Roma Bosnia-Herzegovina Edin Džeko
87%
29 30 2003-2014 AC Milan Brazil Kaká
87%
38 28 1993-2014 Manchester United Wales Ryan Giggs
87%
59 23 2007- Paris Saint-Germain Argentina Ángel Di María
85%
13 46 1961-1974 Benfica Portugal Eusébio
85%
74 20 2010-2022 Real Madrid Wales Gareth Bale
85%
58 23 2003-2015 Chelsea England Frank Lampard
84%
37 28 2012- Juventus Spain Álvaro Morata
82%
61 22 2017-2023 Liverpool Brazil Roberto Firmino
82%
84 19 2013-2023 Tottenham Hotspur South Korea Son Heung-min
82%
53 24 2012-2024 Borussia Dortmund Germany Marco Reus
81%
66 21 2018- Real Madrid Brazil Vinícius Junior
81%
111 17 2011-2024 Arsenal Chile Alexis Sánchez
80%
101 17 1986-1991 Real Madrid Mexico Hugo Sánchez
80%
90 18 2004-2011 Barcelona Brazil Ronaldinho
80%
14 46 1997-2011 AC Milan Italy Filippo Inzaghi
79%
99 18 2008-2019 Bayern Munich France Franck Ribéry
79%
40 27 1997-2007 Barcelona Brazil Rivaldo
79%
119 16 2011- Manchester City Belgium Kevin De Bruyne
78%
73 20 2016-2023 Manchester City Algeria Riyad Mahrez
78%
72 20 2019- Real Madrid Brazil Rodrygo
78%
89 18 2017-2023 Inter Milan Belgium Romelu Lukaku
78%
54 24 2006-2020 Real Madrid Argentina Gonzalo Higuaín
77%
42 27 2014-2023 Manchester City England Raheem Sterling
77%
68 21 2001-2015 Liverpool England Steven Gerrard
77%
55 24 1997-2009 Real Madrid Portugal Luís Figo
76%
56 24 1994-2013 Manchester United England Paul Scholes
76%
120 16 2014- Manchester City Portugal Bernardo Silva
75%
110 17 2001-2016 AS Roma Italy Francesco Totti
75%
67 21 2012-2019 Juventus Croatia Mario Mandžukić
75%
105 17 2013-2023 Borussia Dortmund Gabon Pierre-Emerick Aubameyang
75%
48 24 2017- Manchester City Brazil Gabriel Jesus
74%
78 19 1983-1993 AC Milan Netherlands Marco van Basten
74%
83 19 1966-1983 Ajax Amsterdam Netherlands Johan Cruyff
72%
51 24 2012-2024 Arsenal France Olivier Giroud
72%
32 29 1997-2010 Juventus France David Trezeguet
70%
86 19 1996-2007 Manchester United Norway Ole Gunnar Solskjær
70%
104 17 1987-1995 Barcelona Bulgaria Hristo Stoichkov
69%
112 17 2005-2024 Real Madrid Spain Sergio Ramos
69%
118 16 2014- Bayern Munich France Kingsley Coman
67%
76 20 2007-2018 Chelsea Spain Fernando Torres
66%
79 19 1962-1970 Benfica Portugal José Torres
66%
62 22 2014- Bayern Munich Germany Leroy Sané
66%
43 26 2003-2013 Bayern Munich Germany Mario Gómez
65%
92 18 2015-2022 Juventus Argentina Paulo Dybala
65%
57 23 1991-2004 Ajax Amsterdam Finland Jari Litmanen
64%
116 16 2013- Napoli Belgium Dries Mertens
63%
77 20 2004-2018 Arsenal Spain Cesc Fàbregas
62%
34 29 1994-2007 Barcelona Netherlands Patrick Kluivert
62%
70 20 1988-1995 PSV Eindhoven Brazil Romário
62%
109 17 2008-2016 Zenit St. Petersburg Brazil Hulk
61%
121 16 1998-2012 Chelsea Germany Michael Ballack
61%
46 25 1997-2008 Inter Milan Argentina Hernán Crespo
60%
103 17 1982-1987 Juventus France Michel Platini
60%
108 17 2017-2024 RB Leipzig Germany Timo Werner
59%
123 16 1994-2013 Manchester United England David Beckham
58%
25 33 1991-2010 Real Madrid Spain Fernando Morientes
58%
117 16 2012- Bayern Munich Germany Serge Gnabry
58%
75 20 1998-2013 Chelsea France Nicolas Anelka
56%
98 18 2008-2024 Barcelona Spain Pedro
56%
68 21 2001-2015 Bayern Munich Peru Claudio Pizarro
55%
36 28 1989-1995 Olympique Marseille France Jean-Pierre Papin
55%
33 29 2000-2007 Bayern Munich Netherlands Roy Makaay
55%
124 16 2004-2023 Barcelona Spain Gerard Piqué
53%
97 18 2007-2020 Chelsea Brazil Willian
52%
91 18 1996-2002 Manchester United England Andy Cole
50%
95 18 2001-2009 Olympique Lyon Brazil Juninho Pernambucano
46%
122 16 1997-2010 Real Madrid Spain Guti
45%
102 17 1986-1991 Real Madrid Spain Emilio Butragueño
42%
64 21 2008-2018 Shakhtar Donetsk Brazil Luiz Adriano
41%
30 30 1955-1970 Real Madrid Spain Paco Gento
39%
44 25 1996-2001 FC Porto Brazil Mário Jardel
34%
115 16 1974-1982 Bayern Munich Germany Karl-Heinz Rummenigge
31%
94 18 2001-2014 Barcelona Argentina Javier Saviola
26%
52 24 1997-2004 Bayern Munich Brazil Giovane Élber
25%
80 19 1995-2003 Barcelona Spain Luis Enrique
24%
47 24 1959-1976 AC Milan Brazil/Italy José Altafini Mazzola
23%
93 18 1999-2007 Valencia Norway John Carew
22%
81 19 2005-2012 FC Porto Argentina Lisandro López
21%
82 19 1997-2009 Inter Milan Argentina Julio Cruz
18%
113 16 2005-2013 Valencia Spain Roberto Soldado
18%
105 17 1963-1972 Inter Milan Italy Sandro Mazzola
18%
63 21 1993-2008 Dinamo Kiev Ukraine Serhiy Rebrov
16%
60 22 1972-1988 Real Madrid Spain Santillana
15%
96 18 2005-2014 FC Porto Argentina Lucho González
14%
48 24 1989-2001 AC Milan Italy Marco Simone
12%
85 19 1964-1980 Real Madrid Spain Pirri
8%
71 20 1962-1976 Anderlecht Belgium Paul Van Himst
7%
65 21 1962-1976 Real Madrid Spain Amancio
6%
114 16 1980-1987 Bayern Munich Germany Dieter Hoeneß
6%
87 18 1957-1964 Benfica Portugal José Águas
4%
107 17 1986-2000 Anderlecht Belgium Luc Nilis
4%
50 24 1960-1970 Benfica Portugal José Augusto
2%
100 17 1956-1965 Red Star Belgrade Yugoslavia Bora Kostić
1%
88 18 1961-1974 Spartak Trnava Czechoslovakia Jozef Adamec
1%
No matching quizzes found
Score Distribution
Percent of People with Each Score
Percentile by Number Answered
Your Score History
You have not taken this quiz